Datum a čas kvízu
30.5
Celkem bodů
Celkový počet nahraných bodů na tomto kvízu bez doplňovacích otázek.
4.
Pořadí na kvízu
Konečné umístění týmu na tomto kvízu.
Zaznamenané odpovědi
| # | Otázka | Odpověď | Body | Výsledky |
|---|---|---|---|---|
| 1. | Minulý týden přijel do České r... | Viktor Orbán | 1 | |
| 2. | Francouzský prezident Emmanuel... | Vodní skútr. | 0 | |
| 3. | V úterý měl v Londýně světovou... | Není čas zemřít (No Time to Die) | 1 | |
| 4. | Provozovatel sociální sítě Ins... | Instagram Kids | 0 | |
| 5. | Fotbalový klub z Teplic po sér... | Jiří Jarošík | 1 | |
| 6. | Pojďme se podívat na leváky, k... | B | 0 | |
| 7. | V roce 1956 se v Praze narodil... | Yonex | 1 | |
| 8. | Obyvatelé arktických oblastí U... | Inuité | 1 | |
| 9. | Leváka Boba, který se snaží op... | Jaromír Meduna | 0 | |
| 10. | Levákem byl i slavný vojevůdce... | Na Korsice. | 0 |